<?xml version="1.0" encoding="UTF-8"?>
<record
    xmlns:xsi="http://www.w3.org/2001/XMLSchema-instance"
    xsi:schemaLocation="http://www.loc.gov/MARC21/slim http://www.loc.gov/standards/marcxml/schema/MARC21slim.xsd"
    xmlns="http://www.loc.gov/MARC21/slim">

  <leader>02803cam a22002533a 4500</leader>
  <controlfield tag="001">12888</controlfield>
  <controlfield tag="003">PGUSA</controlfield>
  <controlfield tag="005">20140828083258.0</controlfield>
  <controlfield tag="008">040712s2004||||xxu|||||s|||||000 | eng d</controlfield>
  <datafield tag="040" ind1=" " ind2=" ">
    <subfield code="a">PGUSA</subfield>
    <subfield code="b">eng</subfield>
  </datafield>
  <datafield tag="042" ind1=" " ind2=" ">
    <subfield code="a">dc</subfield>
  </datafield>
  <datafield tag="050" ind1=" " ind2="4">
    <subfield code="a">PT</subfield>
  </datafield>
  <datafield tag="245" ind1="1" ind2="4">
    <subfield code="a">The German Classics of the Nineteenth and Twentieth Centuries, Volume 05 :</subfield>
    <subfield code="b">Masterpieces of German Literature Translated into English</subfield>
    <subfield code="h">[electronic resource]</subfield>
  </datafield>
  <datafield tag="260" ind1=" " ind2=" ">
    <subfield code="b">Project Gutenberg,</subfield>
    <subfield code="c">2004</subfield>
  </datafield>
  <datafield tag="505" ind1="0" ind2=" ">
    <subfield code="a">The Romantic Philosophers--Fichte, Schelling, and Schleiermacher. By Frank Thilly -- Schleiermacher: On the Social Element in Religion. -- Gottlieb Fichte: The Destiny of Man. -- Addresses to the German Nation. -- von Schelling: On the Relation of the Plastic Arts to Nature. -- Later German Romanticism. By George H. Danton -- von Arnim and Brentano: The Boy's Magic Horn. (selections) -- Grimm: The Frog King, or Iron Henry -- The Wolf and the Seven Little Kids -- Rapunzel -- Haensel and Grethel -- The Fisherman and His Wife -- Arndt: Song of the Fatherland. -- Union Song. -- K&#xF6;rner: Men and Knaves. -- L&#xFC;tzow's Wild Band. -- Prayer During Battle. -- von Schenkendorf: The Mother Tongue. -- Spring Greeting to the Fatherland. -- Freedom. -- Uhland: The Chapel. -- The Shepherd's Song on the Lord's Day. -- The Castle by the Sea. -- Song of the Mountain Boy. -- Departure. -- Farewell. -- The Hostess' Daughter. -- The Good Comrade. -- The White Hart. -- The Lost Church. -- Charlemagne's Voyage. -- Free Art. -- Taillefer. -- Suabian Legend. -- The Blind King. -- The Minstrel's Curse. -- The Luck of Edenhall. -- On the Death of a Child. -- von Eichendorff: The Broken Ring. -- Morning Prayer. -- From the Life of a Good-for-nothing. -- von Chamisso: The Castle of Boncourt. -- The Lion's Bride. -- Woman's Love and Life. -- The Women of Weinsberg. -- The Crucifix. -- The Old Singer. -- The Old Washerwoman. -- The Wonderful History of Peter Schlemihl. -- Hoffmann: The Golden Pot. -- Motte-Fouqu&#xE9;: Selections from Undine. -- Hauff: Cavalryman's Morning Song. -- The Sentinel. -- R&#xFC;ckert: Barbarossa. -- From My Childhood Days. -- The Spring of Love. -- He Came to Meet Me. -- The Invitation. -- Murmur Not. -- A Parable. -- Evening Song. -- Chidher. -- At Forty Years. -- Before the Doors. -- von Platen-Hallermund: The Pilgrim Before St. Just's. -- The Grave of Alaric. -- Remorse. -- Would I were Free as are My Dreams. -- Sonnet.</subfield>
  </datafield>
  <datafield tag="506" ind1=" " ind2=" ">
    <subfield code="a">Public domain in the USA.</subfield>
  </datafield>
  <datafield tag="516" ind1=" " ind2=" ">
    <subfield code="a">Electronic text</subfield>
  </datafield>
  <datafield tag="653" ind1=" " ind2=" ">
    <subfield code="a">German literature -- 19th century -- Translations into English</subfield>
  </datafield>
  <datafield tag="653" ind1=" " ind2=" ">
    <subfield code="a">German literature -- 20th century -- Translations into English</subfield>
  </datafield>
  <datafield tag="700" ind1="1" ind2=" ">
    <subfield code="a">Francke, Kuno,</subfield>
    <subfield code="d">1855-1930</subfield>
  </datafield>
  <datafield tag="830" ind1=" " ind2="0">
    <subfield code="a">Project Gutenberg</subfield>
    <subfield code="v">12888</subfield>
  </datafield>
  <datafield tag="856" ind1="4" ind2="0">
    <subfield code="u">http://www.gutenberg.org/ebooks/12888</subfield>
  </datafield>
  <datafield tag="942" ind1=" " ind2=" ">
    <subfield code="c">EB</subfield>
  </datafield>
  <datafield tag="999" ind1=" " ind2=" ">
    <subfield code="c">242143</subfield>
    <subfield code="d">242143</subfield>
  </datafield>
  <datafield tag="952" ind1=" " ind2=" ">
    <subfield code="0">0</subfield>
    <subfield code="1">0</subfield>
    <subfield code="4">0</subfield>
    <subfield code="a">GTB</subfield>
    <subfield code="b">GTB</subfield>
    <subfield code="d">2014-08-28</subfield>
    <subfield code="l">0</subfield>
    <subfield code="r">2014-08-28 00:00:00</subfield>
    <subfield code="w">2014-08-28</subfield>
    <subfield code="y">EB</subfield>
  </datafield>
</record>
